Harry Potter Patronus Match Quiz Stats

 Plays Quiz Updated Jul 23, 2018

Score 0/18 Timer 03:00
3 Plays Today
% Correct
Stag
91.2%
Stag
91.2%
Phoenix
87.1%
Doe
86.7%
Doe
86.6%
Cat
82.5%
Cat
81.8%
Otter
77.6%
Goat
68.2%
% Correct
Jack Russell
64.2%
Weasel
63.2%
Hare
61.8%
Swan
61.7%
Lynx
59.2%
Wolf
56.2%
Horse
44.6%
Boar
42.6%
Fox
39.8%

You're not logged in!

Compare scores with friends on all Sporcle quizzes.
OR
Log In

Sporcle TV

Today on Sporcle TV


Watch our educational content, quiz creation guides, and fun videos on Sporcle TV.

Show Comments

Extras

Top Quizzes Today


Score Distribution

Your Account Isn't Verified!

In order to create a playlist on Sporcle, you need to verify the email address you used during registration. Go to your Sporcle Settings to finish the process.

Report this User

Report this user for behavior that violates our Community Guidelines.

Details: